LEADER 01609namaa2200385 i 4500 001 000000178180 003 CaOOAMICUS 005 20251103155547.0 007 tu 008 251103s2024 it 000 u ita r 020 $a978-88-394-1001-6* 040 $aPUL$bita$erda 082 0 $a224.1 245 10$aIsaia profeta del Vangelo :$bIsaia 56-66 ed esegesi patristica /$ca cura di Marco Settembrini . 264 4$c©2024. 264 1$aTorino :$bPaideia,$c[2024] 300 $a256 pagine ;$c21 cm 336 $atesto$btxt$2rdacontent 337 $asenza mediazione$bn$2rdamedia 338 $avolume$bnc$2rdacarrier 490 1 $aStudi biblici ;$v218 504 $aBibliografia in nota a pič pagina. 630 04$aBiblia.$pV.T.$pIsaias$n56-66.$0(OLS)http://pul/subject/37197 630 04$aBiblia$xCritica e interpretazione.$0(OLS)http://pul/subject/2023 700 1 $aSettembrini, Marco,$csacerdote,$d1974-,$ecuratore.$0(OLS)http://pul/name/67266 830 0$aStudi biblici (Paideia) ;$v218.$0(OLS)http://pul/title/88 850 $aPUL 852 $aPUL$W1$xSL Religione 1$y3$m10 M 218$j202050$qStampati$B207269$CPULBib$Z2$F207269 $H138239 $82 941 1 $a8 996 $6020$a978-88-394-1001-6*$9(OLS)http://pul/number/170635 996 $6082$a224.1$9(OLS)http://pul/classification/2068 996 $6245$aIsaia profeta del Vangelo :$bIsaia 56-66 ed esegesi patristica$9(OLS)http://pul/title/219745 996 $6264$aTorino :$bPaideia$9(OLS)http://pul/publisher/87158 996 $6264$a[S.l.] :$b[s.n.]$9(OLS)http://pul/publisher/0 LEADER 01492nam a2200325 a 4500 001 000000170969 003 CaOOAMICUS 005 20181207115647.0 008 181207s2018 it c u000 u ita r 020 $a978-88-7475-692-6* 032 $aLibriCat 040 $aPUL$bita 082 04$a262.9 100 1 $aParise, Giovanni,$d1986-$0(OLS)http://pul/name/95906 245 10$aNulla est charitas sine iustitia :$bsaggi di diritto canonico in memoriam del Card. Velasio De Paolis, CS /$cGiovanni Parise ; prefazione di S. Em.za Rev.ma Card. Dominique Mamberti. 260 $aChieti :$bTabula fati,$c©2018. 300 $a563 p. :$britr. ;$c20 cm. 490 1 $aUomini & Societą ;$v27 504 $aBibliografia in nota. 650 4$aDiritto canonico$xStudi.$0(OLS)http://pul/subject/689 700 1 $aMamberti, Dominique.$0(OLS)http://pul/name/109946 830 0$aUomini & Societą ;$v27.$0(OLS)http://pul/title/196969 850 $aPUL 852 $aPUL$W1$xSL Diritto Canonico 3$y77$m262. 9 PARGI 3$j194389$qDDC 21$B199510$CPULBib$Z2$F199510 $H131915 $81 941 1 $a9 996 $6020$a978-88-7475-692-6*$9(OLS)http://pul/number/165529 996 $6082$a262.9$9(OLS)http://pul/classification/369 996 $6245$aNulla est charitas sine iustitia :$bsaggi di diritto canonico in memoriam del Card. Velasio De Paolis, CS$9(OLS)http://pul/title/211825 996 $6260$aChieti :$bTabula fati$9(OLS)http://pul/publisher/85760